Formula 1 2025 quiz - Statistics

General Stats
  • This quiz has been taken 28 times
  • The average score is 5 of 15
Answer Stats
Question Answer % Correct
What is Colapinto's best race result? 11th place
64%
At which circuit was it announced a week before your race that a stint on a set of tyres could not exceed 25 laps? Qatar, Doha
64%
When did Antonelli achieve a better race result than Russell for the first time? Mexico, Mexico City
59%
Oscar Piastri could have very likely achieved a pole position on this track, but he encountered a yellow flag at the beginning of his hotlap, ruining his overall time. Where? Austria, Spielberg
45%
How many laps of the 24 races did George Russell not complete? 2
41%
When did Lawson achieve a better race result than Hadjar for the first time? Austria, Spielberg
41%
Tsunoda racing for Red Bull achieved a better result than 8th place where? Azerbaijan, Baku
41%
Which driver accumulated the most penalty points? Bearman
41%
About which track did the FIA require particular attention to the speeds taken through the last corner in the formation lap? (a top driver received a very severe penalty for the next race!) Zandvoort
32%
Which driver hasn't won even 1 Driver of the Day? Albon
23%
In which Grand Prix were the most special helmets brought? Miami
23%
After Monza (round 16), how many races has Albon scored points in? 0
18%
Which of these drivers has never achieved a race result better than or equal to 5th place? Alonso
9%
Which of these drivers scored fewer points in % than their teammate? Bortoleto
9%
In which race did Hamilton get his first result ahead of Leclerc? Italy, Imola
9%
No matching quizzes found
Score Distribution
Percent of People with Each Score
Percentile by Number Answered
Your Score History
You have not taken this quiz